Connecting the dots of accreditation : leadership, coherence, and continuous improvement (Record no. 364805)
[ view plain ]
| 000 -LEADER | |
|---|---|
| fixed length control field | 00603nam a22001697a 4500 |
| 003 - CONTROL NUMBER IDENTIFIER | |
| control field | 0 |
| 005 - DATE AND TIME OF LATEST TRANSACTION | |
| control field | 20220908140515.0 |
| 008 - FIXED-LENGTH DATA ELEMENTS--GENERAL INFORMATION | |
| fixed length control field | 220908b xxu||||| |||| 00| 0 eng d |
| 020 ## - INTERNATIONAL STANDARD BOOK NUMBER | |
| International Standard Book Number | 978-1-4758-6222-5 |
| 050 ## - LIBRARY OF CONGRESS CALL NUMBER | |
| Classification number | LB2355 |
| Item number | .G76 2022 |
| 245 ## - TITLE STATEMENT | |
| Title | Connecting the dots of accreditation : leadership, coherence, and continuous improvement |
| Statement of responsibility, etc | Barry R. Groves; Marilyn S. George |
| 260 ## - PUBLICATION, DISTRIBUTION, ETC. (IMPRINT) | |
| Place of publication, distribution, etc | United Kingdom |
| Name of publisher, distributor, etc | Rowman & Littlefield |
| Date of publication, distribution, etc | C2022 |
| 300 ## - PHYSICAL DESCRIPTION | |
| Extent | xi, 108pp. |
| Dimensions | 23cm. |
| Accompanying material | Includes bibliography and index |
| Type of unit | Book |
| 500 ## - GENERAL NOTE | |
| General note | Accreditation (education). |
| 500 ## - GENERAL NOTE | |
| General note | Educational leadership. |
| 942 ## - ADDED ENTRY ELEMENTS (KOHA) | |
| Source of classification or shelving scheme | Library of Congress Classification |
| Koha item type | Books |
| Withdrawn status | Lost status | Source of classification or shelving scheme | Damaged status | Home library | Current library | Shelving location | Date acquired | Source of acquisition | Sub Shelving location | Total Checkouts | Full call number | Barcode | Date last seen | Price effective from | Koha item type | Total Renewals | Date checked out |
|---|---|---|---|---|---|---|---|---|---|---|---|---|---|---|---|---|---|
| Library of Congress Classification | Luxembourg Library | Luxembourg Library | Teachers Reference Section | 09/08/2022 | Donation | LB2355 .G76 2022 | 21014 | 06/30/2023 | 09/08/2022 | Books | |||||||
| Library of Congress Classification | Luxembourg Library | Luxembourg Library | Teachers Reference Section | 09/08/2022 | Donation | 1 | LB2355 .G76 2022 | 21015 | 06/30/2023 | 09/08/2022 | Books | 1 | 09/09/2022 |